header

The battle for North Carolina's coast (Record no. 119347)

MARC details
000 -LEADER
fixed length control field 01453nam a2200349Ia 4500
082 04 - DEWEY DECIMAL CLASSIFICATION NUMBER
Classification number 551.45/7097561
245 04 - TITLE STATEMENT
Title The battle for North Carolina's coast
260 ## - PUBLICATION, DISTRIBUTION, ETC. (IMPRINT)
Place of publication Chapel Hill :
Name of publisher University of North Carolina Press,
Year of publication c2011.
300 ## - PHYSICAL DESCRIPTION
Number of Pages xvi, 142 p. :
Other physical details col. ill.
650 #0 - SUBJECT ADDED ENTRY--TOPICAL TERM
Topical Term Coast changes
Topical Term Barrier islands
Topical Term Shorelines
Topical Term Geology, Structural
Topical Term Paleoceanography
700 1# - ADDED ENTRY--PERSONAL NAME
Personal name Riggs, Stanley R.
856 40 - ELECTRONIC LOCATION AND ACCESS
Uniform Resource Identifier http://site.ebrary.com/lib/rucke/Doc?id=10511433

No items available.

© 2026 Rongo University
Contact us: librarian | system librarian | Rongo university